00776nam a2200205 i 450000100060000000300090000600500170001500700030003200800410003510000270007624501300010325000150023326000400024830000200028870000440030870000430035285200340039599900170042995201240044629424ES-MaACL20230906154031.0t|030121s1973 sp ||||1| spa d1 aBarre, Raymond.92587510aEconomía política / cpor Raymond Barre ; prólogo de Fabián Estapé ; traducción de José Ignacio García Lomas. a[7ª ed.]. aBarcelona, etc. : bAriel, c[1973] a2 v. ; c23 cm.1 aEstapé, Fabián (d1923-2012)9480111 aGarcía Lomas, José Ignacio.954833 aES-MaACLjC-55448-9 bR.88106 c29424d29424 00104070aATENEOMbATENEOMcDEPO2d2008-01-17eSCl0oC-55448-9p1030377r2023-02-23 00:00:00w2023-02-23yMONOGRAFIA